000 00698nam a2200205Ii 4500
003 JO-AjNU
008 230605s9999||||xx |||||||||||||| ||und||
040 _aJO-AjNU
_bara
_erda
_cJO-AjNU
041 _aara
050 1 4 _aPJ7696.N3.A17 2004
100 3 _aشرح وتقديم عبد الستار،عباس ,
_eauthor
_924875
245 0 0 _aديوان النابغة الذبياني
250 _aط1
264 3 1 _aبيروت:دار الكتب العلمية،2004
300 _a127ص
336 _atext
_btxt
_2rdacontent
337 _aunmediated
_bn
_2rdamedia
338 _avolume
_bnc
_2rdacarrier
650 4 _aالشعر العربي - تاريخ ونقد - العصر الجاهلي
_924876
999 _aA9230
_c12798
_d12798